Wszystkie skiny do CZ75-Auto w CS:GO - Statystyki

Ogólne statystyki
  • Ten quiz został rozwiązany 6 razy
    3 od ostatniego zresetowania
  • Średni wynik to 5 z 29
Statystyki odpowiedzi
Rodzaj (Kolor) Skin % Poprawnych
Fioletowy Chalice
67%
Fioletowy Eco
67%
Czerwony Victoria
67%
Niebieski Army Sheen
33%
Niebieski Crimson Web
33%
Niebieski Emerald
33%
Niebieski Indigo
33%
Fioletowy Pole Position
33%
Fioletowy Red Astor
33%
Fioletowy Tacticat
33%
Różowy The Fuschia Is Now
33%
Niebieski Circaetus
0%
Niebieski Distressed
0%
Niebieski Emerald Quartz
0%
Niebieski Green Plaid
0%
Niebieski Hexane
0%
Niebieski Imprint
0%
Niebieski Jungle Dashed
0%
Niebieski Nitro
0%
Niebieski Poison Dart
0%
Niebieski Polymer
0%
Niebieski Silver
0%
Fioletowy Tigris
0%
Fioletowy Tread Plate
0%
Niebieski Tuxedo
0%
Niebieski Twist
0%
Niebieski Vendetta
0%
Różowy Xiangliu
0%
Różowy Yellow Jacket
0%
Nie znaleziono quizów pasujących do podanych kryteriów
Rozkład punktacji
Procent ludzi z każdym wynikiem
Percentyl według liczby udzielonych odpowiedzi
Twoja historia wyników
Nie rozwiązałeś tego quizu od ostatniego zresetowania